000 00621nam a2200229Ia 4500
005 20250425162056.0
008 250425s9999 xx 000 0 und d
041 _aspa
082 _a614.852
100 _aFLORES RODRIGUEZ, GUILLERMO
245 0 _aMANUAL SINTETIZADO DE SEGURIDAD E HIGIENE INDUSTRIAL
250 _a1A ED.
260 _aEcuador
_bGUILLERMO FLORES RODRIGUEZ
_c1950
260 _aGUAYAQUIL
300 _a274
650 _aHIGIENE INDUSTRIAL
650 _aPREVENCION DE ACCIDENTES
650 _aSEGURIDAD INDUSTRIAL
650 _aTECNOLOGIA DE LA SEGURIDAD
942 _c01
010 _a47903
999 _c221862
_d221862